[Event "Montevideo Duchamp Cup 2nd"]
[Site "Montevideo"]
[Date "2018.02.08"]
[Round "9"]
[White "Surlevih, Leonardo"]
[Black "Pereira, Gerardo"]
[Result "1/2-1/2"]
[WhiteElo "1298"]
[BlackElo "1341"]
[PlyCount "102"]
[EventDate "2018.02.02"]
[EventType "swiss"]
[EventRounds "9"]
[EventCountry "URU"]
[SourceTitle "CBM 182 Extra"]
[Source "ChessBase"]
[SourceDate "2018.02.23"]
[SourceVersion "1"]
[SourceVersionDate "2018.02.23"]
[SourceQuality "1"]

1. e4 e5 2. Nf3 Nc6 3. d4 exd4 4. Nxd4 Bc5 5. Be3 Qf6 6. c3 a6 7. Be2 d6 8. 0-0 Qg6 9. Kh1 Qxe4 10. Bf3 Qg6 11. Nxc6 Bxe3 12. fxe3 Nf6 13. Nd4 Ng4 14. Bxg4 Bxg4 15. Qb3 0-0 16. Nd2 c5 17. N4f3 b5 18. Qd5 Qc2 19. Rab1 Qg6 20. Rbe1 Rfd8 21. Ng5 Be6 22. Nxe6 fxe6 23. Qe4 Qh6 24. Qf4 Qg6 25. Ne4 Rf8 26. Qh4 Rxf1+ 27. Rxf1 Rf8 28. Rxf8+ Kxf8 29. Qd8+ Qe8 30. Qxe8+ Kxe8 31. Nxd6+ Kd7 32. Ne4 Kc6 33. Ng5 Kd5 34. Kg1 h6 35. Nf3 Ke4 36. Kf2 Kd3 37. Ne1+ Kd2 38. e4 c4 39. a3 Kc1 40. Ke3 Kxb2 41. Kd4 Kxa3 42. Ke5 Kb3 43. Kxe6 a5 44. Kd6 Kxc3 45. e5 b4 46. e6 b3 47. e7 b2 48. e8Q b1Q 49. Qe3+ Kb2 50. Qd4+ Kb3 51. Qe3+ Ka4 1/2-1/2

[Event "Montevideo Duchamp Cup 2nd"]
[Site "Montevideo"]
[Date "2018.02.03"]
[Round "3"]
[White "Perez, Jose Luis"]
[Black "Surlevih, Leonardo"]
[Result "1-0"]
[WhiteElo "1619"]
[BlackElo "1298"]
[PlyCount "43"]
[EventDate "2018.02.02"]
[EventType "swiss"]
[EventRounds "9"]
[EventCountry "URU"]
[SourceTitle "CBM 182 Extra"]
[Source "ChessBase"]
[SourceDate "2018.02.23"]
[SourceVersion "1"]
[SourceVersionDate "2018.02.23"]
[SourceQuality "1"]

1. d4 d5 2. Bf4 Nf6 3. e3 e6 4. Bd3 Be7 5. Nd2 b6 6. Qe2 Bb7 7. h3 Nbd7 8. Ngf3 c5 9. c3 cxd4 10. exd4 h6 11. 0-0 0-0 12. Rfe1 Re8 13. Ne5 a6 14. Ndf3 Nh7 15. Nxf7 Qc8 16. N7e5 Nxe5 17. Nxe5 Bg5 18. Bg3 Nf6 19. h4 Ne4 20. Bxe4 dxe4 21. hxg5 hxg5 22. Qh5 1-0

[Event "Montevideo Duchamp Cup 2nd"]
[Site "Montevideo"]
[Date "2018.02.02"]
[Round "1"]
[White "Gomez Troccoli, Martin"]
[Black "Surlevih, Leonardo"]
[Result "1-0"]
[WhiteElo "1957"]
[BlackElo "1298"]
[PlyCount "109"]
[EventDate "2018.02.02"]
[EventType "swiss"]
[EventRounds "9"]
[EventCountry "URU"]
[SourceTitle "CBM 182 Extra"]
[Source "ChessBase"]
[SourceDate "2018.02.23"]
[SourceVersion "1"]
[SourceVersionDate "2018.02.23"]
[SourceQuality "1"]

1. e4 e5 2. Nf3 Nc6 3. Bc4 Bc5 4. d3 Nf6 5. Bg5 0-0 6. Nc3 a6 7. Nd5 Be7 8. Nxe7+ Qxe7 9. a3 d6 10. h3 Be6 11. Ba2 Bxa2 12. Rxa2 Rad8 13. 0-0 Qe6 14. Ra1 Rfe8 15. Nh4 h6 16. Be3 d5 17. exd5 Nxd5 18. Bd2 Nf6 19. Re1 Qd7 20. Qf3 Re6 21. Qg3 Ne8 22. Re4 Kh7 23. Rae1 Qd6 24. Nf5 Qf8 25. Qh4 Nd6 26. Nxd6 Rdxd6 27. Bc3 f6 28. f4 f5 29. R4e3 Qf6 30. Qf2 Qg6 31. fxe5 Rd8 32. Rf1 Rf8 33. d4 Ree8 34. Rf3 Ne7 35. Bb4 Rf7 36. Bxe7 Rexe7 37. Rxf5 Rxf5 38. Qxf5 Qxf5 39. Rxf5 Kg6 40. Rf8 Rf7 41. Rxf7 Kxf7 42. c4 Ke6 43. Kf2 c6 44. Ke3 Kf5 45. g4+ Ke6 46. Ke4 g6 47. d5+ cxd5+ 48. cxd5+ Ke7 49. b4 b6 50. a4 b5 51. a5 g5 52. Kf5 Kf7 53. d6 Ke8 54. Ke6 Kd8 55. d7 1-0

[Event "Montevideo La Proa op 1st"]
[Site "Montevideo"]
[Date "2017.10.11"]
[Round "3"]
[White "Surlevih, Leonardo"]
[Black "Guidali, Leonardo"]
[Result "0-1"]
[WhiteElo "1342"]
[BlackElo "1698"]
[PlyCount "82"]
[EventDate "2017.09.27"]
[EventType "swiss"]
[EventRounds "5"]
[EventCountry "URU"]
[SourceTitle "EXT 2019"]
[Source "ChessBase"]
[SourceDate "2018.10.10"]
[SourceVersion "1"]
[SourceVersionDate "2018.10.10"]
[SourceQuality "1"]

1. d4 d5 2. Nc3 e6 3. Nf3 Nf6 4. e3 Nbd7 5. Be2 c5 6. 0-0 Bd6 7. Bd2 0-0 8. Nb5 Bb8 9. dxc5 Nxc5 10. Bb4 b6 11. Qd4 a6 12. Nc3 Bd6 13. Rad1 Qc7 14. h3 Bb7 15. Qd2 Rfd8 16. Qc1 Rac8 17. Bxc5 Qxc5 18. Ne1 b5 19. Bf3 Be5 20. Nd3 Qc7 21. Nxe5 Qxe5 22. Rd4 Rc4 23. Ne2 Rdc8 24. c3 Qc7 25. Rxc4 Qxc4 26. Qd2 Nd7 27. b3 Qc7 28. Rd1 Ne5 29. Bg4 f5 30. Bh5 g6 31. Bf3 Kf7 32. Rc1 Nxf3+ 33. gxf3 e5 34. Rd1 Ke6 35. Qb2 Qe7 36. b4 Rc4 37. f4 Qh4 38. Kh2 Qxf2+ 39. Kh1 Qf3+ 40. Kh2 d4 41. cxd4 Qf2# 0-1

[Event "Montevideo Duchamp Cup 1st"]
[Site "Montevideo"]
[Date "2017.02.11"]
[Round "3"]
[White "Monetta, Jose"]
[Black "Surlevih, Leonardo"]
[Result "1-0"]
[WhiteElo "1678"]
[BlackElo "1318"]
[PlyCount "61"]
[EventDate "2017.02.09"]
[EventType "swiss"]
[EventRounds "9"]
[EventCountry "URU"]
[SourceTitle "CBM 176 Extra"]
[Source "ChessBase"]
[SourceDate "2017.03.02"]
[SourceVersion "1"]
[SourceVersionDate "2017.03.02"]
[SourceQuality "1"]

1. e4 e5 2. Bc4 Nf6 3. d3 Nc6 4. Nf3 d6 5. Ng5 d5 6. exd5 Nxd5 7. Nxf7 Kxf7 8. Qf3+ Ke8 9. Bxd5 Qf6 10. Qd1 Bc5 11. 0-0 Rf8 12. Be3 Qd6 13. Bxc5 Qxc5 14. Bxc6+ Qxc6 15. Qh5+ Rf7 16. Qxe5+ Be6 17. Nc3 Kf8 18. Qb5 Bd7 19. Qxc6 Bxc6 20. Rae1 Rd8 21. Ne4 Rd5 22. Re2 Rd4 23. Ng5 Bxg2 24. Ne6+ Kg8 25. Nxd4 Bxf1 26. Kxf1 Rf6 27. Re7 Rf7 28. Re8+ Rf8 29. Rxf8+ Kxf8 30. Ne6+ Kf7 31. Nxc7 1-0